| 000 | 00564nam a22001097a 4500 | ||
|---|---|---|---|
| 008 | 110614t xxu||||| |||| 00| 0 eng d | ||
| 010 | _aSCEPAF:37b | ||
| 245 | _aSUPREME COURT ELECTION PETITION NO.6 OF 2009 Hon. Sitenda Sebalu Vs 1.Hon. Sam K. Njuba 2. Electoral Commission | ||
| 260 | _aSupreme Court mengo | ||
| 500 | _3CORAM:Tsekooko,Katureebe,Okello,Tumwesigye,Kisaakye,JJ.S.C. | ||
| 500 | _aAppeal from the Judgment of the Court of Appeal at Kampala S.G. Engwau, C.N.B. Kitumba and C.K. Byamugisha, JJ.A dated 1/June/2009 in Election Petition Appeal No. 1 of 2008. | ||
| 999 |
_c2900 _d2900 |
||